Inovácia produktu v architektúre bakalárska práca

Gespeichert in:
Bibliographische Detailangaben
1. Verfasser: Ondruš, Tomáš
Körperschaft: Obchodná fakulta EU. Katedra marketingu
Weitere Verfasser: Pajonk, Peter, 1987-
Format: Buch
Sprache:Slowakisch
Veröffentlicht: Bratislava 2015
Tags: Tag hinzufügen
Keine Tags, Fügen Sie das erste Tag hinzu!

MARC

LEADER 00000nbm a2200000 4500
001 0203317
005 20170315090448.3
041 0 |a slo 
044 |a SK 
245 1 0 |a Inovácia produktu v architektúre  |b bakalárska práca  |c Tomáš Ondruš ; školiteľ: Peter Pajonk 
264 1 |a Bratislava  |c 2015 
300 |a 39 s. 
100 1 |a Ondruš, Tomáš 
700 1 |a Pajonk, Peter, 1987- 
710 2 |a Obchodná fakulta EU. Katedra marketingu